=LDR 00000nam 2200000 4500 =001 INLIS000000000041285 =005 20130612150828 =008 ***********************************ind** =035 ##$$0010-061300000041285 =041 ##$$a ind =082 ##$$a 320.5 =090 ##$$a 320.5, Rus, c =100 ##$$a Russel, Bertrand =245 ##$$a Cita-cita politik =260 ##$$a 1983 $b Bandung =300 ##$$a xii,92 hlm., 21 cm =650 ##$$a Poloitik =850 ##$$a NBPNMAT